|
|
|
|
| LEADER |
00000nab a2200000 a 4500 |
| 001 |
vtls000933969 |
| 003 |
SK-MaSNL |
| 005 |
20260303034753.0 |
| 008 |
041208c2004 xo mr|p|||||||000 b|slo |
| 015 |
|
|
|a SNBRB2004/12
|2 snkbucl
|
| 038 |
|
|
|a SNKBUCL
|
| 040 |
|
|
|a SNKBUCL
|b slo
|c SNKBUCL
|e AACR2
|
| 041 |
0 |
|
|a slo
|
| 044 |
|
|
|a xo
|c SK
|
| 080 |
|
|
|a 633.842
|2 UDC-MRF-SK2
|
| 100 |
1 |
|
|a Belko, Ivan
|4 aut
|9 666205
|
| 245 |
1 |
0 |
|a Koreninová paprika
|c Ivan Belko
|
| 300 |
|
|
|b Fotogr.
|
| 650 |
0 |
7 |
|a koreninová paprika
|2 snkbucl
|9 31783
|
| 650 |
0 |
7 |
|a pestovanie poľných rastlín
|2 snkbucl
|9 31784
|
| 773 |
0 |
|
|t Záhradkár
|g Roč. 40, č. 8 (2004), s. 34-35
|x 0862-5565
|
| 852 |
|
|
|a SNK
|b KIS3GCP
|
| 999 |
|
|
|c 1674727
|d 1676657
|